Countries with the Highest Favorability of Americans - Statistics

General Stats
  • This quiz has been taken 36 times
  • The average score is 17 of 25
Answer Stats
% Country % Correct
54 Canada
100%
54 United Kingdom
100%
61 Mexico
94%
48 Spain
94%
51 India
90%
70 Japan
90%
49 Germany
87%
56 Italy
87%
64 Brazil
84%
77 South Korea
81%
72 Colombia
77%
53 Argentina
74%
55 Chile
74%
77 Israel
74%
74 Philippines
71%
86 Poland
71%
49 South Africa
65%
77 Thailand
61%
67 Peru
58%
52 Hungary
42%
52 Bangladesh
35%
72 Nigeria
29%
57 Sri Lanka
26%
78 Ghana
23%
78 Kenya
19%
No matching quizzes found
Score Distribution
Percent of People with Each Score
Percentile by Number Answered
Your Score History
You have not taken this quiz